[Event "Let's Play Chess!"]
[Site "http://www.queenalice.com/game.php?id=871262"]
[Date "2010.12.13"]
[Round "-"]
[White "Scaracioli"]
[Black "sylviodh"]
[Result "1-0"]
[WhiteElo "1651"]
[BlackElo "1100"]

1. e4 e5 2. a3 d6 3. h3 h5 4. Nc3 c6 5. Nf3 a5 6. g4 hxg4 7. Ng1 gxh3 8. Nxh3 g5
9. Bg2 g4 10. Ng1 Rxh1 11. Bxh1 Qh4 12. Bg2 Qh2 13. Kf1 b6 14. Nce2 g3 15. Nxg3
Ba6+ 16. d3 Nf6 17. Bg5 Ng4 18. Qxg4 Nd7 19. c4 d5 20. Bh4 dxc4 21. Nf3 Qxg3 22.
Bxg3 cxd3 23. Nd2 Nf6 24. Qf5 Ng8 25. Qxe5+ Ne7 26. Bh4 Rd8 27. Bxe7 Bxe7 28.
Rc1 f6 29. Qh5+ Kd7 30. Bh3+ Kc7 31. f3 Bd6 32. Bf5 Bc8 33. Bxc8 Kxc8 34. Rxc6+
Kd7 35. Qd5 a4 36. Rxd6+ Kc7 37. Qc6+ Kb8 38. Qxb6+ Kc8 39. Rxd8# 1-0

[Event "Torre torrada."]
[Site "http://www.queenalice.com/game.php?id=871282"]
[Date "2010.12.13"]
[Round "-"]
[White "sylviodh"]
[Black "nereu"]
[Result "0-1"]
[WhiteElo "1069"]
[BlackElo "1468"]

1. d4 e6 2. e4 d5 3. exd5 exd5 4. Qe2+ Be7 5. f4 Nf6 6. Qe5 O-O 7. Be2 Re8 8.
Bd3 Bd6 9. Qe2 Rxe2+ 10. Bxe2 Qe8 11. Nf3 Nc6 12. Ne5 Bb4+ 13. c3 Ba5 14. b4 Bb6
15. a4 a6 16. a5 Ba7 17. b5 Nxa5 18. bxa6 bxa6 19. h4 Nb3 20. Bb2 Nxa1 21. Bd1
Bf5 22. Na3 Rb8 23. Bxa1 c5 24. Bf3 cxd4 25. cxd4 Bb6 26. Bc3 Bc7 27. g4 Be6 28.
f5 Bd7 29. Kf2 Rb3 30. Nb1 a5 31. Re1 Qd8 32. h5 a4 33. g5 Ne8 34. h6 Qxg5 35.
Bd2 Qh4+ 36. Ke2 Bb5+ 37. Nd3 Bxd3+ 38. Kd1 Rxb1+ 39. Bc1 Ba5 40. Bxd5 Qxe1# 0-1

[Event "Let's Play Chess!"]
[Site "http://www.queenalice.com/game.php?id=871373"]
[Date "2010.12.13"]
[Round "-"]
[White "sylviodh"]
[Black "UKopra"]
[Result "0-1"]
[WhiteElo "1072"]
[BlackElo "1720"]

1. d4 f5 2. e3 Nf6 3. f3 d5 4. Bb5+ c6 5. Bd3 e6 6. a4 Nbd7 7. a5 b5 8. e4 fxe4
9. fxe4 dxe4 10. Be2 Nd5 11. Bg4 N7f6 12. Be2 e3 13. Nf3 Bb4+ 14. Bd2 exd2+ 15.
Nbxd2 Bxa5 16. Ne5 Ne7 17. g4 Qxd4 18. Nf3 Qxg4 19. Rg1 Bxd2+ 20. Qxd2 Qe4 21.
Ra3 O-O 22. Re3 Qa4 23. Kf2 Ng4+ 24. Rxg4 Qxg4 25. Qd6 Nf5 26. Qxc6 Nxe3 27.
Qxa8 Qg2+ 28. Ke1 e5 29. Qe4 Ng4 30. Kd2 Nxh2 31. Ke3 Nxf3 32. Bxf3 Rxf3+ 33.
Qxf3 Qxf3+ 34. Kxf3 Bb7+ 35. Ke3 e4 36. c3 g5 37. Kf2 Kg7 38. Kg3 h5 39. Kf2 Kf6
40. b3 Kf5 41. b4 h4 42. Kg2 e3+ 43. Kf1 Kf4 44. Ke2 h3 45. Kf1 Kf3 46. Kg1 e2
0-1

[Event "Let's Play Chess!"]
[Site "http://www.queenalice.com/game.php?id=872750"]
[Date "2010.12.16"]
[Round "-"]
[White "swordfish"]
[Black "sylviodh"]
[Result "1-0"]
[WhiteElo "1468"]
[BlackElo "1088"]

1. e4 e5 2. f4 exf4 3. Nf3 Nc6 4. d4 Nf6 5. d5 Ne7 6. Nc3 Ng4 7. Bxf4 Ng6 8. g3
Bc5 9. Qe2 d6 10. Bg2 Bd7 11. a3 O-O 12. b4 Bf2+ 13. Kd1 Qf6 14. Qd2 c5 15. h3
cxb4 16. axb4 Rfe8 17. Bg5 Ne3+ 18. Kc1 Nc4 19. Qd3 Rec8 20. Bxf6 gxf6 21. Rf1
Bxg3 22. Nd4 Nge5 23. Qxg3+ Kf8 24. Rxf6 Re8 25. Nf5 Bxf5 26. Rxf5 Rec8 27. Qh4
Ne3 28. Rg5 Rxc3 29. Kb1 Rac8 30. Qh6+ Ke7 31. Rxa7 Nxc2 32. Rxb7+ Nd7 33. Kb2
Na3 34. h4 Rc2+ 35. Kxa3 Ra8+ 36. Kb3 Raa2 37. Ra7 Rab2+ 38. Ka4 Ra2+ 39. Kb3
Rcb2+ 40. Kc3 1-0

[Event "Let's Play Chess!"]
[Site "http://www.queenalice.com/game.php?id=873427"]
[Date "2010.12.18"]
[Round "-"]
[White "sylviodh"]
[Black "chess1200"]
[Result "0-1"]
[WhiteElo "1086"]
[BlackElo "1300"]

1. d4 e6 2. e4 d5 3. e5 c5 4. Bb5+ Nc6 5. dxc5 Qa5+ 6. Nc3 Bxc5 7. a3 d4 8. b4
Bxb4 9. Bd2 Bxc3 10. Bd3 Qxe5+ 11. Ne2 Bxa1 12. Qxa1 Nge7 13. f4 Qd6 14. O-O O-O
15. c4 b6 16. g4 Bb7 17. Rc1 Nd8 18. c5 Qc6 19. Nxd4 Qg2# 0-1

[Event "Let's Play Chess!"]
[Site "http://www.queenalice.com/game.php?id=873931"]
[Date "2010.12.19"]
[Round "-"]
[White "sylviodh"]
[Black "spawnwolfwolverine"]
[Result "1-0"]
[WhiteElo "1088"]
[BlackElo "1683"]

1. e4 e5 2. Nf3 d6 3. Bc4 Bg4 4. h3 Bh5 5. g4 Bg6 6. d3 h6 7. h4 Ne7 8. O-O Nd7
9. h5 Bh7 10. g5 hxg5 11. Nxg5 d5 12. exd5 f6 13. Ne6 Qc8 14. Bd2 Nc5 15. d6
Nxe6 16. dxe7 Bxe7 17. a4 c6 18. b4 Nd4 19. c3 Nf5 20. Qb3 a6 21. f4 Nh4 22. Be6
Qc7 23. Be1 Qb6+ 24. Bf2 Nf3+ 25. Kg2 Qd8 26. Kxf3 exf4 27. a5 Qxd3+ 28. Kg2 f3+
29. Kg1 Bf5 30. Bf7+ Kf8 31. Na3 b5 32. Rae1 Bh3 33. Rd1 Qxf1+ 34. Rxf1 Bxf1 35.
Kxf1 c5 36. Bxc5 Bxc5 37. bxc5 g5 38. c6 1-0

[Event "Let's Play Chess!"]
[Site "http://www.queenalice.com/game.php?id=874718"]
[Date "2010.12.21"]
[Round "-"]
[White "rafaelcanuto"]
[Black "sylviodh"]
[Result "1-0"]
[WhiteElo "1478"]
[BlackElo "1087"]

1. e3 e5 2. Qf3 d5 3. c4 c6 4. cxd5 cxd5 5. Bb5+ Bd7 6. Qxd5 Nf6 7. Qxb7 Nc6 8.
Bxc6 Rc8 9. Bxd7+ Nxd7 10. Qxa7 Rxc1+ 11. Ke2 e4 12. f3 exf3+ 13. gxf3 Bc5 14.
Qb7 Qh4 15. Qa8+ 1-0

[Event "Challenge"]
[Site "http://www.queenalice.com/game.php?id=876876"]
[Date "2010.12.26"]
[Round "-"]
[White "sylviodh"]
[Black "FranzMeM"]
[Result "1-0"]
[WhiteElo "1072"]
[BlackElo "1473"]

1. e4 e5 2. d4 Nf6 3. Nf3 d6 4. dxe5 Nxe4 5. exd6 Bxd6 6. Bc4 O-O 7. O-O Bg4 8.
Re1 Bxf3 9. Qxf3 Nc5 10. Nc3 a6 11. b4 Ncd7 12. Ne4 Bxb4 13. c3 Ne5 14. Qe2 Nxc4
15. Qxc4 Bd6 16. Rd1 Bxh2+ 17. Kxh2 Qxd1 18. Qxc7 Nd7 19. Nd2 Qh5+ 20. Kg1 Nf6
21. Ba3 Rfe8 22. Qxb7 Ng4 23. Nf3 h6 24. Rd1 a5 25. Rd5 Re1+ 26. Nxe1 Qh2+ 27.
Kf1 Kh7 28. Qxa8 Qh1+ 29. Ke2 Nh2 30. Rd7 Qf1+ 31. Kd1 Qxf2 32. Qe4+ g6 33. c4
h5 34. c5 h4 35. c6 Nf1 36. Kc1 Qf6 37. c7 Qa1+ 38. Kc2 Qxa2+ 39. Bb2 Nd2 40.
Qd3 Qb1+ 41. Kxd2 Qxb2+ 42. Nc2 a4 43. c8=Q a3 44. Rxf7+ Kh6 45. Qe3+ g5 46.
Qh8+ Qxh8 47. Qe6+ Kh5 48. Qe2+ Kh6 49. Qe6+ Kh5 50. g4+ hxg3 51. Qe2+ g4 52.
Rf5+ Kh4 53. Ne3 Qb2+ 54. Nc2 a2 55. Rf1 Kg5 56. Qe3+ Kg6 57. Qe6+ Kg5 58. Rf5+
Kh4 59. Qh6# 1-0

[Event "Let's Play Chess!"]
[Site "http://www.queenalice.com/game.php?id=878335"]
[Date "2010.12.29"]
[Round "-"]
[White "sylviodh"]
[Black "kisarsk"]
[Result "0-1"]
[WhiteElo "1087"]
[BlackElo "1653"]

1. e4 d5 2. e5 c5 3. Nf3 e6 4. Bb5+ Bd7 5. a4 c4 6. O-O Nc6 7. c3 Na5 8. d4 Nb3
9. Bg5 Be7 10. Ra2 Bxg5 11. h4 Bf4 12. g3 Bh6 13. Na3 a6 14. Bxd7+ Qxd7 15. g4
Bf4 16. a5 Nxa5 17. Nc2 Nb3 18. Ra3 Bc1 19. Nh2 Bxb2 20. Ra2 Bxc3 21. f4 Qe7 22.
g5 O-O-O 23. h5 a5 24. Nf3 b6 25. f5 exf5 26. Nh4 Qxg5+ 27. Ng2 Nh6 28. Rf3 Bd2
29. Na1 Nxd4 30. Rd3 Bf4 31. Rxd4 Be3+ 32. Kf1 Bxd4 33. Qxd4 Kc7 34. Rb2 Kd7 35.
Qxd5+ Kc7 36. Qb5 Rd1+ 37. Ne1 Qf4+ 38. Rf2 Qe4 39. Qa4 Qxe1+ 40. Kg2 Qg1+ 41.
Kf3 Rd3+ 42. Ke2 Ng4 43. Qxc4+ Kb7 44. Qxd3 Qxf2+ 45. Kd1 Ne3+ 46. Kc1 Rc8+ 47.
Kb1 Rc4 48. Qd7+ Ka6 49. Qxf7 Rb4+ 50. Kc1 Qe1# 0-1

[Event "Challenge"]
[Site "http://www.queenalice.com/game.php?id=878778"]
[Date "2010.12.30"]
[Round "-"]
[White "FranzMeM"]
[Black "sylviodh"]
[Result "1-0"]
[WhiteElo "1462"]
[BlackElo "1072"]

1. e4 e5 2. Bc4 Nc6 3. c3 Bc5 4. Qf3 Nf6 5. g4 O-O 6. d3 h6 7. a3 a6 8. b4 b5 9.
bxc5 bxc4 10. dxc4 Na5 11. Nd2 Rb8 12. Qd1 d6 13. h3 dxc5 14. Ne2 Bb7 15. f3 Ne8
16. O-O Qh4 17. Kh2 g6 18. Nb3 Nxb3 19. Qxb3 f5 20. exf5 gxf5 21. Qc2 fxg4 22.
Qg6+ Ng7 23. Bxh6 Rf6 24. Qxg7# 1-0

[Event "Challenge"]
[Site "http://www.queenalice.com/game.php?id=879008"]
[Date "2010.12.30"]
[Round "-"]
[White "sylviodh"]
[Black "FranzMeM"]
[Result "0-1"]
[WhiteElo "1087"]
[BlackElo "1495"]

1. Nf3 d6 2. d4 h6 3. e4 a6 4. Bc4 e6 5. O-O b5 6. Bd3 f6 7. g4 g5 8. Nfd2 Nc6
9. c3 Bb7 10. b4 e5 11. Bb2 exd4 12. cxd4 Nge7 13. Nc3 Nxd4 14. Nd5 Bxd5 15.
Bxd4 Bc6 16. Re1 Bg7 17. a3 Ng6 18. e5 dxe5 19. Bc5 Qxd3 20. Re3 Qd5 21. Ne4
Qxd1+ 22. Rxd1 Bxe4 23. Rxe4 Nh4 24. Rd5 c6 25. Rd6 Rc8 26. Re6+ Kf7 27. Rd6 Kg6
28. Rd7 Nf5 29. gxf5+ Kxf5 30. Re3 Kg6 31. f3 h5 32. Rd2 h4 33. Red3 h3 34. Rd7
Bh6 35. Re7 g4 36. fxg4 Bxd2 37. Kf2 a5 38. bxa5 Bxa5 39. Ra7 Bc3 0-1

[Event "Challenge"]
[Site "http://www.queenalice.com/game.php?id=881301"]
[Date "2011.1.4"]
[Round "-"]
[White "malouco"]
[Black "sylviodh"]
[Result "1-0"]
[WhiteElo "1581"]
[BlackElo "1077"]

1. d4 d5 2. c4 dxc4 3. Qa4+ Bd7 4. Qxc4 b5 5. Qd5 c6 6. Qc5 Na6 7. Qe5 f6 8. Qf4
g5 9. Qe3 Bh6 10. Nf3 g4 11. Qa3 gxf3 12. Qxa6 Bc8 13. Qa3 Qxd4 14. Bxh6 Nxh6
15. exf3 O-O 16. Qb3+ e6 17. Bd3 Rd8 18. O-O Qxd3 19. Nc3 1-0

[Event "Challenge"]
[Site "http://www.queenalice.com/game.php?id=881302"]
[Date "2011.1.4"]
[Round "-"]
[White "malouco"]
[Black "sylviodh"]
[Result "1-0"]
[WhiteElo "1579"]
[BlackElo "1079"]

1. d4 d5 2. c4 dxc4 3. Qa4+ Bd7 4. Qxc4 b5 5. Qd5 Nc6 6. e4 Nf6 7. Qxb5 Nxd4 8.
Qd3 c5 9. Nf3 Qa5+ 10. Bd2 Qb6 11. Nxd4 cxd4 12. e5 Nd5 13. Qc4 Bc6 14. b3 e6
15. Be2 Bc5 16. a4 Rb8 17. Bd1 f5 18. exf6 gxf6 19. Bh5+ 1-0

[Event "Challenge"]
[Site "http://www.queenalice.com/game.php?id=881305"]
[Date "2011.1.4"]
[Round "-"]
[White "malouco"]
[Black "sylviodh"]
[Result "1-0"]
[WhiteElo "1577"]
[BlackElo "1081"]

1. d4 e6 2. e4 Nf6 3. Nc3 Bb4 4. Bd2 O-O 5. Nf3 Bxc3 6. Bxc3 Nc6 7. Bb5 Ne7 8.
e5 Nfd5 9. O-O a6 10. Bc4 Nf4 11. Ng5 d5 12. exd6 cxd6 13. Qf3 e5 14. dxe5 Nc6
15. Qxf4 Nxe5 16. Bxe5 dxe5 17. Bxf7+ Kh8 18. Qxe5 b5 19. Rad1 1-0